000 00344 a2200157 4500
001 152055
040 _cEscola São Tomás de Aquino
100 _aPELLEGRINI, Domingos
240 1 0 _aÁgua luminosa
_lpor
245 1 0 _aÁgua luminosa
300 _a80
362 0 _a2003
440 1 _aModerna
697 _a*LITERATURA JUVENIL
942 _cBK
999 _c152055
_d152055